| 000 | 00736nam a2200217 a 4500 | ||
|---|---|---|---|
| 001 | 000047180 | ||
| 005 | 20201002053426.0 | ||
| 008 | 180810s2017 dr ac r 000 0 spa d | ||
| 020 | _a9789945124750 (teacher's book) | ||
| 020 | _z9789945124613 (students book) | ||
| 020 | _z9789945124637 (workbook) | ||
| 040 |
_aDO-SdBNP _bspa _cBNPHU |
||
| 082 |
_axxxx _bxxxx |
||
| 100 | 1 |
_aBillini, Raúl _974943 |
|
| 245 | 1 | 0 |
_aEnglish 2 : _b2nd year of secondary school / _cRaúl Billini. |
| 260 |
_aSanto Domingo : _bSusaeta, _c2017. |
||
| 300 |
_av. : _bil., retrs. ; _c30 cm. |
||
| 500 | _aNew curriculum design | ||
| 505 | 0 |
_gv. 1. _tLibro del maesto _gv. 2. _tLibro del estudiante _gv.3. _tCuaderno de trabajo |
|
| 590 | _aInventariado, 2018/LP | ||
| 999 |
_c46668 _d46668 |
||